Capitali del mondo con più di una parola - Statistics

Statistiche generali
  • Questo quiz è stato fatto 317 volte
    274 dall'ultimo reset
  • Il punteggio medio è 17 su 35
Statistiche sulle risposte
Capitali % Corretto
Città del Messico
81%
Buenos Aires
73%
Città del Vaticano
72%
Andorra La Vella
68%
Città di San Marino
68%
Città del Guatemala
66%
Il Cairo
63%
La Valletta
61%
Nuova Delhi
61%
Abu Dhabi
60%
La Paz
59%
Città del Capo
58%
Port-au-Prince
57%
Ulan Bator
57%
San Salvador
54%
Addis Abeba
53%
Kuala Lumpur
53%
Port of Spain
51%
Port Moresby
48%
San José
48%
Santo Domingo
48%
L'Avana
46%
Porto-Novo
43%
Bandar Seri Begawan
41%
Saint John's
41%
Phnom Penh
40%
Port Vila
40%
Saint George's
40%
Port Louis
39%
São Tomé
36%
Sri Jayawardenapura Kotte
25%
Kuwait city
17%
Nukuʻalofa
17%
Tarawa Sud
15%
N'Djamena
12%
Nessun quiz corrispondente trovato
Distribuzione punteggi
Percentuale di utenti per punteggio
Percentile per numero di risposta
I tuoi punteggi nel tempo
Non hai fatto questo quiz dall'ultimo reset